[Event "?"]
[Site "?"]
[Date "????.??.??"]
[Round "?"]
[White "Renger, N."]
[Black "Wichmann, C."]
[Result "0-1"]
[WhiteElo "1821"]
[BlackElo "2361"]
[PlyCount "118"]
[EventDate "2014.??.??"]

1. e4 e6 2. d4 d5 3. Nd2 c5 4. exd5 exd5 5. Bb5+ Nc6 6. Ngf3 Bd6 7. dxc5 Bxc5
8. O-O Nge7 9. Nb3 Bb6 10. h3 O-O 11. Nbd4 Qd6 12. Ne2 Ng6 13. Qd3 Bd7 14. Bxc6
bxc6 15. Be3 Bc7 16. Rad1 Rfe8 17. c4 Ne5 18. Nxe5 Qxe5 19. Bf4 Qxe2 20. Qxe2
Rxe2 21. Bxc7 Be6 22. cxd5 Bxd5 23. a3 Rxb2 24. Rb1 Ra2 25. Bd6 h6 26. Rfe1 a5
27. Re7 Rc2 28. Rbb7 a4 29. Ra7 Rxa7 30. Rxa7 Bb3 31. Ra5 Rd2 32. Bb4 Re2 33.
Rc5 Re6 34. Rc3 Bd5 35. Re3 Rf6 36. Rg3 Rf5 37. Rg4 Bb3 38. Rg3 c5 39. Bc3 f6
40. Re3 Rd5 41. Kh2 Kf7 42. Kg3 Rd1 43. Re2 Be6 44. Rd2 Rc1 45. Bb2 Rb1 46. f3
Ke7 47. Kf2 Bc4 48. Rc2 Bd5 49. Bc1 Kd6 50. Be3 c4 51. Bd2 Kc5 52. Bb4+ Rxb4
53. axb4+ Kxb4 54. Ke3 a3 55. Kd2 a2 56. Rc1 c3+ 57. Kc2 Bb3+ 58. Kd3 Bf7 59.
Ra1 Kb3 0-1